Les Claude célèbres - Statistiques

Statistiques générales
  • Ce quiz a été pris 109 fois
  • Le résultat moyen est 6 sur 20
Statistiques - réponses
Par images Réponse % Correct
Claude François
94%
Claude Monet
61%
Claude Nougaro
55%
Claude Gensac
53%
Claude Lelouch
49%
Claude Piéplu
49%
Claude Rich
43%
Saint Claude de Besançon
35%
Claude Brasseur
33%
Claude Jade
25%
Claude Criquielion
15%
Claude de France
15%
Claude Sautet
14%
Claude Zidi
11%
Claude Debussy
9%
Claude Lévi-Strauss
9%
Claude Bernard
8%
Père Claude Bernard le pauvre
8%
Claude Gellée dit "Le Lorrain"
3%
Claude La Colombière
2%
Aucun quiz correspondant
Distribution des résultats
% des personnes avec chaque résultat
Percentile par nombre de réponses
Votre historique - résultats
Vous n’avez pas pris ce quiz